Europe Capitals Quiz - Statistics

General Stats
  • This quiz has been taken 17 times
  • The average score is 38 of 45
Answer Stats
Country City % Correct
Germany Berlin
94%
Hungary Budapest
94%
Finland Helsinki
94%
Portugal Lisbon
94%
United Kingdom London
94%
Spain Madrid
94%
Russia Moscow
94%
Norway Oslo
94%
France Paris
94%
Italy Rome
94%
Sweden Stockholm
94%
Vatican City Vatican City
94%
Netherlands Amsterdam
88%
Greece Athens
88%
Switzerland Bern
88%
Belgium Brussels
88%
Romania Bucharest
88%
Ireland Dublin
88%
Ukraine Kyiv
88%
Monaco Monaco
88%
Czech Republic Prague
88%
Iceland Reykjavík
88%
Bulgaria Sofia
88%
Austria Vienna
88%
Poland Warsaw
88%
Croatia Zagreb
88%
Andorra Andorra la Vella
81%
Slovakia Bratislava
81%
Denmark Copenhagen
81%
Luxembourg Luxembourg
81%
Belarus Minsk
81%
Latvia Riga
81%
San Marino San Marino
81%
Bosnia and Herzegovina Sarajevo
81%
Estonia Tallinn
81%
Albania Tirana
81%
Lithuania Vilnius
81%
Liechtenstein Vaduz
75%
Malta Valletta
75%
Serbia Belgrade
69%
Moldova Chișinău
69%
Slovenia Ljubljana
69%
Kosovo Pristina
69%
North Macedonia Skopje
69%
Montenegro Podgorica
56%
No matching quizzes found
Score Distribution
Percent of People with Each Score
Percentile by Number Answered
Your Score History
You have not taken this quiz